| 000 | 00360nam a2200145Ia 4500 | ||
|---|---|---|---|
| 005 | 20251222144810.0 | ||
| 008 | 251222s9999||||xx |||||||||||||| ||spa|| | ||
| 020 | _a9786075228655 | ||
| 082 | _a657/V28 | ||
| 100 | _aVanderbeck, Edward J. | ||
| 245 | 0 | _aPrincipios de Contabilidad de Costos | |
| 250 | _a17ava.ed. | ||
| 264 | _bCENGAGE Learnig | ||
| 942 | _cLIB | ||
| 999 |
_c20068 _d20068 |
||